| 000 | 00758nam a2200253 a 4500 | ||
|---|---|---|---|
| 001 | BRCA_5266 | ||
| 005 | 20190320205017.0 | ||
| 008 | 920129s1989####cc-a######---#001-0#fre-# | ||
| 020 | _a1555214509 | ||
| 041 | _aeng | ||
| 044 | _acc | ||
| 050 | 4 |
_aNK5198 _b.N49 1989 |
|
| 100 | 1 |
_aNewark, Tim _913489 |
|
| 245 | 1 | 0 |
_aEmile Gallé _cTim Newark. |
| 260 |
_aHong Kong _bChartwell Books _c1989 |
||
| 300 |
_a128 p. _bil. a color _c29 cm. |
||
| 500 | _aIncluye índice alfabético | ||
| 500 | _aDonación Dr. Héctor Rivero Borrell Vázquez | ||
| 504 | _aBibliografía: p. 128 | ||
| 600 | 1 | 4 |
_aGallé, Emile _d1846-1904 _xCrítica e interpretación _913490 |
| 650 | 1 | 4 |
_aArte en vidrio _xHistoria _ySiglo XIX _zFrancia _913491 |
| 902 | _aDHR | ||
| 942 |
_2lcc _cB |
||
| 999 |
_c4960 _d4960 |
||